000
00466nam a2200169Ia 4500
008
090711s9999 xx 000 0 und d
082
_b
1021
100
_a
जोशी शशिकांत
245
_a
नजर
260
_b
योगीता प्रकाशन
_c
1998
300
_a
104
600
_a
जोशी शशिकांत
630
_a
नजर
700
_a
जोशी शशिकांत
730
_a
नजर
942
_c
BOOK
999
_c
333865
_d
333865